| 000 | 01430nam a2200253Ia 4500 | ||
|---|---|---|---|
| 003 | OSt | ||
| 005 | 20211020113837.0 | ||
| 008 | 210310s2008 ck ad fr 000 0 spa d | ||
| 020 | _a9789589579527 | ||
| 040 |
_aCO-JMCR _cCO-JMCR |
||
| 041 | 0 | _aspa | |
| 082 | 0 | 4 |
_a351.824 / _bO686c _223 |
| 110 | 1 |
_aOrganización Mundial de la Propiedad Intelectual _941222 |
|
| 245 | 1 | 3 |
_aLa contribución económica de las industrias del derecho de autor y los derechos conexos en Colombia / _cOrganización Mundial de la Propiedad Intelectual, Dirección Nacional de Derecho de Autor |
| 250 | _aPrimera edición | ||
| 260 |
_aBogotá : _bOrganización Mundial de la Propiedad Intelectual, _c2008 |
||
| 300 |
_a134 páginas : _bilustraciones y gráficas a color ; _c30 cm. |
||
| 500 | _aIncluye notas a pie de página. | ||
| 504 | _aBibliografía: páginas 119-121 | ||
| 505 | 0 | _aLa contribución económica de las industrias del derecho de autor y los derechos conexos en Colombia -- Principales normas sobre derecho de autor y derechos conexos en Colombia -- La importancia económica de la propiedad intelectual -- Metodología para la estimación del valor agregado -- Resultado del estudio para Colombia -- La generación de empleo de las IPDA -- Las IPDA en el sector externo colombiano | |
| 650 | 1 | 4 |
_aDerechos de autor _917612 _xAspectos económicos |
| 710 | 1 |
_aDirección Nacional de Derecho de Autor _941223 |
|
| 942 |
_2ddc _cBK |
||
| 999 |
_c8554 _d8554 |
||